Vyučovanie predmetu Technológia vzdelávania v doplňujúcom pedagogickom štúdiu

Bibliographic Details
Main Author: Fišer, Václav (Author)
Format: Article
Language:Slovak
ISBN:8080450552

MARC

LEADER 00000naa a2200000uu 4500
001 vtls011033727
003 SK-MaSNL
005 20260302124745.0
008 210907|1996 xo |||||||||||||||||slo|
015 |a SNBRA 
035 |a (urnnbn)urn:nbn:sk:snk:ar-008s9d 
035 |a (uuid)00f6b419-d9a5-4742-8908-aa7cc9057f26 
035 |a urn:nbn:sk:snk-aauo4l 
040 |a SNKBUCL  |b slo  |c SNKBUCL  |e AACR2 
041 0 |a slo 
044 |a xo  |c SK 
100 1 |a Fišer, Václav  |4 aut  |9 43714 
245 1 0 |a Vyučovanie predmetu Technológia vzdelávania v doplňujúcom pedagogickom štúdiu  |c Václav Fišer 
773 0 |t Technológia vzdelávania v podmienkach súčasnej školy  |d V Prešove : Metodické centrum, 1996  |g S. 57-58  |z 8080450552 
958 |a OND 
958 |a article12 
958 |a chapter 
999 |c 1289913  |d 1291843